Instructor''s manual to accompany: Mechanical and electrical equipment for buildings

Spremljeno u:
Bibliografski detalji
Format: Sách
Jezik:Undetermined
Izdano:  John Wiley & Son  2006
Teme:
Oznake: Dodaj oznaku
Bez oznaka, Budi prvi tko označuje ovaj zapis!
Thư viện lưu trữ: Trung tâm Thư viện - Trường Đại học Công nghiệp TP. Hồ Chí Minh
LEADER 00471nam a2200133Ia 4500
001 UIH_04140
008 231011s9999 xx 000 0 und d
082 |a  696 
245 0 |a  Instructor''s manual to accompany: Mechanical and electrical equipment for buildings 
260 |b  John Wiley & Son 
260 |c  2006 
650 |a  Xây dựng; Công trình;  
927 |a Sách 
980 |a Trung tâm Thư viện - Trường Đại học Công nghiệp TP. Hồ Chí Minh